MARC

LEADER 00000nam0a2200000 4500
001 28011
005 20231101205829.0
035 |a (RuTPU)RU\TPU\book\28267 
035 |a BOOK00000049 
090 |a 28011 
100 |a 20011209d2000 m y0rusy50 ca 
101 0 |a rus 
102 |a RU 
105 |a y j 000zy 
200 1 |a Руководство к лабораторным работам по технике высоких напряжений  |f В. Ф. Важов, Ю. И. Кузнецов, Г. Е. Куртенков [и др.] 
210 |a Томск  |c Изд-во ТПУ  |d 2000 
215 |a 76 с. 
606 1 |a Техника высоких напряжений  |2 stltpush  |3 (RuTPU)RU\TPU\subj\60029  |9 77519 
610 1 |a электрохимия 
610 1 |a высокие напряжения 
610 1 |a техника 
610 1 |a разрядные процессы 
610 1 |a изоляция 
610 1 |a измерения 
610 1 |a лабораторные работы 
610 1 |a практические пособия 
610 1 |a учебные пособия 
675 |a 621.3.027.3(076.5)  |v 3 
701 1 |a Важов  |b В. Ф.  |c специалист в области энергетики  |c доцент Томского политехнического университета, кандидат технических наук  |f 1939-  |g Владислав Фёдорович  |2 stltpush  |3 (RuTPU)RU\TPU\pers\26506 
701 1 |a Кузнецов  |b Ю. И.  |c специалист в области энергетики  |c доцент Томского политехнического университета, кандидат физико-математических наук  |f 1942-  |g Юрий Иннокентьевич  |2 stltpush  |3 (RuTPU)RU\TPU\pers\28063 
701 1 |a Куртенков  |b Г. Е.  |c специалист в области энергетики  |c доцент Томского политехнического университета, кандидат технических наук  |f 1941-  |g Геннадий Ефимович  |2 stltpush  |3 (RuTPU)RU\TPU\pers\28064 
701 1 |a Леонтьев  |b Ю. Н.  |g Юрий Николаевич 
701 1 |a Пичугина  |b М. Т.  |c специалист в области электроэнергетики  |c доцент Томского политехнического университета, кандидат технических наук  |f 1947-  |g Мария Тимофеевна  |2 stltpush  |3 (RuTPU)RU\TPU\pers\27491 
701 1 |a Синебрюхов  |b А. Г.  |c ведущий менеджер Томского политехнического университета, кандидат технических наук  |f 1935-  |g Анатолий Григорьевич  |2 stltpush  |3 (RuTPU)RU\TPU\pers\32270 
712 0 2 |a Томский политехнический университет  |2 stltpush  |3 (RuTPU)RU\TPU\col\376 
801 0 |a RU  |b 63413507  |c 20011209  |g PSBO 
801 2 |a RU  |b 63413507  |c 20220831  |g PSBO 
942 |c BK